Aperture by Harry Styles Lyrics - Statistics

General Stats
  • This quiz has been taken 21 times
  • The average score is 204 of 255
Answer Stats
Answer % Correct
for
100%
I
100%
I'm
100%
no
100%
on
100%
Take
100%
to
100%
We
100%
we
100%
belong
92%
elevating
92%
go
92%
it
92%
it's
92%
It's
92%
me
92%
my
92%
only
92%
prisoners
92%
the
92%
together
92%
up
92%
you
92%
you're
92%
Aperture
83%
aperture
83%
appears
83%
finally
83%
going
83%
in
83%
In
83%
light
83%
love
83%
more
83%
sleeve
83%
told
83%
tricks
83%
and
75%
clean
75%
don't
75%
is
75%
knees
75%
know
75%
lets
75%
straight
75%
what
75%
best
67%
complicated
67%
drinks
67%
player
67%
review
67%
scenes
67%
sold
67%
time
67%
Time
67%
Tokyo
67%
bad
58%
boys
58%
called
58%
game
58%
good
58%
receive
58%
spaces
58%
state
58%
these
58%
wait
58%
with
58%
won't
58%
another
50%
codes
50%
dance
50%
forth
50%
from
50%
I've
50%
safe
50%
stray
50%
toying
50%
wanna
50%
ask
42%
cadence
42%
doors
42%
halls
42%
later
42%
questions
42%
trap
33%
No matching quizzes found
Score Distribution
Percent of People with Each Score
Percentile by Number Answered
Your Score History
You have not taken this quiz